[Event "32. Erlanger BSGW-Open"]
[Site "Erlangen/Eltersdorf"]
[Date "2014.04.12"]
[Round "2.8"]
[White "Kirch, Florian"]
[Black "Stuhler, Kilian"]
[Result "1-0"]
[WhiteElo "2054"]
[BlackElo "1800"]
[PlyCount "75"]
[EventDate "2014.04.11"]
[WhiteTeam "SV Bubenreuth e.V."]
[BlackTeam "TSV Wertingen 1862 SAbt"]

1. d4 Nf6 2. c4 e6 3. Nf3 d5 4. cxd5 exd5 5. Nc3 c6 6. Bg5 Bf5 7. e3 Nbd7 8.
Bd3 Bg6 9. O-O Bd6 10. Bxg6 hxg6 11. Qe2 Qc7 12. h3 O-O 13. Rac1 a6 14. Nd2
Rfe8 15. Qd3 Nb6 16. f3 Nh5 17. Ne2 Re6 18. e4 Nf4 19. Bxf4 Bxf4 20. e5 Bxd2
21. Qxd2 Nc4 22. Qc3 Qb6 23. Kh1 Qd8 24. b3 Nd6 25. Nf4 Nf5 26. Nxe6 Ng3+ 27.
Kg1 Qh4 28. Rfe1 fxe6 29. Rcd1 Rf8 30. Qc2 Kh7 31. Qf2 Rf4 32. Kh2 Nf5 33.
Qxh4+ Rxh4 34. g4 Ne7 35. Kg3 g5 36. f4 Kg6 37. fxg5 Kxg5 38. Rf1 1-0

[Event "32. Erlanger BSGW-Open"]
[Site "Erlangen/Eltersdorf"]
[Date "2014.04.12"]
[Round "2.9"]
[White "Simon, Jonathan"]
[Black "Bossov, Ahmed"]
[Result "1/2-1/2"]
[WhiteElo "1796"]
[BlackElo "2051"]
[PlyCount "115"]
[EventDate "2014.04.11"]
[WhiteTeam "SK 1928 Mömbris"]
[BlackTeam "TSV Solln Schachabteilung"]

1. d4 Nf6 2. Nf3 b6 3. e3 Bb7 4. Nbd2 e6 5. Bd3 d5 6. Ne5 Bd6 7. f4 O-O 8. O-O
c5 9. b3 cxd4 10. exd4 Nc6 11. Bb2 Nb4 12. Be2 Ne4 13. a3 Nc6 14. Nxe4 dxe4 15.
f5 exf5 16. Rxf5 Ne7 17. Rxf7 Rxf7 18. Nxf7 Kxf7 19. Bc4+ Ke8 20. Qg4 g6 21.
Re1 a6 22. a4 Nf5 23. d5 e3 24. Qh3 Qh4 25. Rxe3+ Kd7 26. Qxh4 Nxh4 27. Rh3 Be7
28. Bd4 Bd8 29. Bf2 g5 30. g3 Ng6 31. Rxh7+ Ne7 32. Be3 Kd6 33. Rh6+ Kd7 34.
Rh7 Kd6 35. Rh6+ Kd7 36. Bxg5 Nxd5 37. Rh7+ Ne7 38. h4 Be4 39. Rg7 Kd6 40. Bf4+
Kc5 41. h5 Nd5 42. Be5 Bxc2 43. h6 b5 44. Be2 Bxb3 45. axb5 axb5 46. h7 Bf6 47.
Rg8 Ra7 48. Rc8+ Kb4 49. Bxf6 Rxh7 50. Bd4 Rc7 51. Rxc7 Nxc7 52. g4 Ne6 53. Bf6
Nf4 54. Bf3 Bc2 55. g5 Kc4 56. Kf2 b4 57. Ke3 Nd5+ 58. Bxd5+ 1/2-1/2

[Event "32. Erlanger BSGW-Open"]
[Site "Erlangen/Eltersdorf"]
[Date "2014.04.12"]
[Round "2.11"]
[White "Knoblauch, Leonhard"]
[Black "Burkhardt, Kai"]
[Result "1-0"]
[WhiteElo "2044"]
[BlackElo "1771"]
[PlyCount "117"]
[EventDate "2014.04.11"]
[WhiteTeam "SV Ilmmünster"]
[BlackTeam "Erfurter Schachklub"]

1. e4 e5 2. Bc4 Nf6 3. d3 Nc6 4. Nf3 Bc5 5. Bb3 d6 6. O-O h6 7. Nbd2 O-O 8. c3
a6 9. Re1 Ng4 10. Re2 Re8 11. Nf1 Be6 12. Bxe6 fxe6 13. h3 Nf6 14. Ng3 d5 15.
exd5 exd5 16. Qe1 Qd7 17. Be3 d4 18. cxd4 exd4 19. Bd2 Rxe2 20. Qxe2 Re8 21.
Qf1 Bd6 22. Ne2 Qf5 23. Nexd4 Nxd4 24. Nxd4 Qe5 25. Nf3 Qxb2 26. Qb1 Qxb1+ 27.
Rxb1 b6 28. Kf1 Nd5 29. g3 Kf7 30. Rc1 c5 31. d4 Re4 32. dxc5 Bxc5 33. Rc4 Rxc4
34. Ne5+ Ke6 35. Nxc4 b5 36. Nb2 Bb4 37. Bxb4 Nxb4 38. a4 Kd5 39. axb5 axb5 40.
Ke2 Kd4 41. f4 Kc3 42. Nd1+ Kc2 43. Ne3+ Kc1 44. g4 Nc2 45. Nd5 b4 46. g5 Nd4+
47. Kd3 hxg5 48. Kxd4 b3 49. fxg5 Kd2 50. h4 g6 51. h5 gxh5 52. g6 b2 53. Nc3
h4 54. g7 h3 55. g8=Q b1=Q 56. Nxb1+ Kc2 57. Qa2+ Kc1 58. Kd3 h2 59. Qc2# 1-0

[Event "32. Erlanger BSGW-Open"]
[Site "Erlangen/Eltersdorf"]
[Date "2014.04.12"]
[Round "2.14"]
[White "Pechan, Willi"]
[Black "Leidorf, Sebastian"]
[Result "0-1"]
[WhiteElo "1753"]
[BlackElo "2042"]
[PlyCount "56"]
[EventDate "2014.04.11"]
[WhiteTeam "SK Schwabach 1907 e.V."]
[BlackTeam "SV Bergwinkel"]

1. e4 e6 2. d4 d5 3. Nc3 Nf6 4. exd5 exd5 5. Bg5 c6 6. Bd3 Bd6 7. Nf3 O-O 8.
O-O Bg4 9. h3 Bh5 10. Re1 Nbd7 11. a3 Qc7 12. Be2 Rfe8 13. Qd2 Ne4 14. Nxe4
dxe4 15. Nh4 Bxe2 16. Rxe2 f6 17. Be3 g6 18. g4 Nb6 19. b3 Nd5 20. Ng2 g5 21.
Qe1 Qe7 22. Qd2 Bxa3 23. c3 Bd6 24. Rae1 Bc7 25. Qc2 Qd6 26. Bf4 Nxf4 27. Rxe4
Rxe4 28. Qxe4 Qd5 0-1

[Event "32. Erlanger BSGW-Open"]
[Site "Erlangen/Eltersdorf"]
[Date "2014.04.12"]
[Round "2.15"]
[White "Bartsch, Winfried"]
[Black "Wittmann, Helmut"]
[Result "0-1"]
[WhiteElo "1735"]
[BlackElo "2037"]
[PlyCount "48"]
[EventDate "2014.04.11"]
[WhiteTeam "MSA Zugzwang 82 e.V."]
[BlackTeam "BSG Wöhrlhaus Erlangen"]

1. e4 e5 2. Nf3 Nc6 3. Bc4 Nf6 4. Ng5 d5 5. exd5 Nd4 6. c3 b5 7. cxd4 bxc4 8.
Qa4+ Qd7 9. Qxd7+ Nxd7 10. d3 cxd3 11. O-O h6 12. Nf3 e4 13. Ne5 Nxe5 14. dxe5
Bb7 15. Re1 Bxd5 16. Nc3 Bb4 17. Nxd5 Bxe1 18. Nxc7+ Ke7 19. Nxa8 Rxa8 20. Bxh6
gxh6 21. Rxe1 Rc8 22. Kf1 Rc2 23. Rxe4 Rc1+ 24. Re1 d2 0-1

[Event "32. Erlanger BSGW-Open"]
[Site "Erlangen/Eltersdorf"]
[Date "2014.04.12"]
[Round "2.16"]
[White "Hummel, Thomas"]
[Black "Bielmeier, Ludwig"]
[Result "0-1"]
[WhiteElo "1733"]
[BlackElo "2018"]
[PlyCount "89"]
[EventDate "2014.04.11"]
[WhiteTeam "TSV Dietfurt/Altm. e.V."]
[BlackTeam "SV Deggendorf"]

1. Nc3 d5 2. e4 c6 3. Nf3 Bg4 4. exd5 cxd5 5. Bb5+ Nc6 6. h3 Bh5 7. g4 Bg6 8.
Ne5 Rc8 9. d4 e6 10. a3 f6 11. Nxg6 hxg6 12. Qd3 Kf7 13. Bxc6 Rxc6 14. Be3 Bd6
15. O-O-O Ne7 16. f4 Qa5 17. Nb5 Bb8 18. Bd2 Qd8 19. Rdf1 a6 20. Nc3 b5 21. Nd1
Bd6 22. Ne3 f5 23. Ng2 Qb6 24. Ne1 Rhc8 25. Kb1 a5 26. c3 b4 27. axb4 axb4 28.
cxb4 Qa7 29. b5 Rc4 30. Bc3 Ra8 31. Nc2 Qa2+ 32. Kc1 Qb3 33. Kd2 Ra2 34. Rf3
Qxb5 35. Ra1 Rxa1 36. Nxa1 Qb8 37. Ke3 Ra4 38. Nc2 Nc8 39. Rf2 Qb3 40. Kf3 Nb6
41. Ne1 Ra8 42. g5 Rh8 43. Kg2 Nc4 44. Rf3 Bb4 45. Bxb4 0-1

[Event "32. Erlanger BSGW-Open"]
[Site "Erlangen/Eltersdorf"]
[Date "2014.04.12"]
[Round "2.17"]
[White "Bilchinski, Anton"]
[Black "Beskardesler, Faruk"]
[Result "0-1"]
[WhiteElo "2016"]
[BlackElo "1718"]
[PlyCount "52"]
[EventDate "2014.04.11"]
[WhiteTeam "SK 1908 Göggingen"]
[BlackTeam "BSG Wöhrlhaus Erlangen"]

1. d4 d5 2. c4 c6 3. cxd5 cxd5 4. Nc3 e6 5. Nf3 Nc6 6. e3 Nf6 7. Be2 Bd6 8. O-O
O-O 9. a3 e5 10. dxe5 Nxe5 11. Nxd5 Bg4 12. Nxf6+ Qxf6 13. Nxe5 Bxe2 14. Qxe2
Qxe5 15. f4 Qf6 16. Qf3 Rac8 17. e4 Bc5+ 18. Kh1 Rfd8 19. e5 Qf5 20. b4 Bd4 21.
Be3 Bxa1 22. Rxa1 b6 23. Qf2 h6 24. a4 Qe4 25. a5 Rd3 26. Re1 Rxe3 0-1

[Event "32. Erlanger BSGW-Open"]
[Site "Erlangen/Eltersdorf"]
[Date "2014.04.12"]
[Round "2.18"]
[White "Ammon, Fabian"]
[Black "Ulusoy, Tolga"]
[Result "1-0"]
[WhiteElo "1714"]
[BlackElo "2009"]
[PlyCount "49"]
[EventDate "2014.04.11"]
[WhiteTeam "SV Altensittenbach"]
[BlackTeam "SC Noris-Tarrasch Nürnberg 1873"]

1. e4 c5 2. Nc3 d6 3. f4 Nc6 4. Nf3 g6 5. Bc4 Bg7 6. O-O e6 7. d3 Nge7 8. Qe1
O-O 9. f5 d5 10. Bb3 dxe4 11. f6 Bxf6 12. Nxe4 Bg7 13. Nfg5 Nf5 14. g4 Nfd4 15.
Qh4 h6 16. Nf6+ Bxf6 17. Qxh6 Bxg5 18. Bxg5 Nf5 19. gxf5 Qd4+ 20. Kh1 exf5 21.
Qxg6+ Qg7 22. Qh5 Qh7 23. Bh6 Kh8 24. Rg1 Ne5 25. Bg7+ 1-0

[Event "32. Erlanger BSGW-Open"]
[Site "Erlangen/Eltersdorf"]
[Date "2014.04.12"]
[Round "2.19"]
[White "Zimpel, Peter"]
[Black "Krüger, Norbert"]
[Result "0-1"]
[WhiteElo "1708"]
[BlackElo "1989"]
[PlyCount "88"]
[EventDate "2014.04.11"]
[WhiteTeam "SK Helmbrechts"]
[BlackTeam "Ratinger Schachklub 1950"]

1. d4 d5 2. e4 dxe4 3. Nc3 Nf6 4. f3 exf3 5. Qxf3 Qxd4 6. Be3 Qg4 7. Qf2 e5 8.
Nf3 Bd6 9. h3 Qe6 10. O-O-O Nc6 11. Bd3 Nb4 12. Ng5 Nxd3+ 13. Rxd3 Qe7 14. g4
Bd7 15. Rhd1 Bc6 16. Qf5 a6 17. Kb1 Bd7 18. Qf2 O-O-O 19. Re1 Bc6 20. Qf5+ Qd7
21. Nxf7 Qxf5 22. gxf5 e4 23. Rd2 Bg3 24. Rxd8+ Rxd8 25. Nxd8 Bxe1 26. Nxc6
bxc6 27. Ne2 g6 28. Bd4 Nd5 29. c4 Nb6 30. f6 Kd7 31. Nf4 Nxc4 32. Bc5 Nd6 33.
Kc2 Bg3 34. Be3 Bxf4 35. Bxf4 Ke6 36. Bg5 Ne8 37. f7 Kxf7 38. Kc3 Ke6 39. Kd4
Nd6 40. Bf4 Kf5 41. Be3 g5 42. a4 h5 43. b3 g4 44. hxg4+ hxg4 0-1

[Event "32. Erlanger BSGW-Open"]
[Site "Erlangen/Eltersdorf"]
[Date "2014.04.12"]
[Round "2.20"]
[White "Minor, Viatcheslav"]
[Black "Wolf, Pablo"]
[Result "1-0"]
[WhiteElo "1983"]
[BlackElo "1698"]
[PlyCount "89"]
[EventDate "2014.04.11"]
[WhiteTeam "SV Wartburgstadt Eisenach"]
[BlackTeam "SC 1868 Bamberg"]

1. e4 c5 2. c3 e6 3. d4 d5 4. e5 Nc6 5. Nf3 c4 6. b3 b5 7. a4 Qa5 8. Bb2 a6 9.
Nbd2 bxa4 10. bxc4 a3 11. Nb3 Qa4 12. c5 a2 13. Nc1 Qxd1+ 14. Kxd1 Rb8 15. Rxa2
a5 16. Kc2 f6 17. exf6 Nxf6 18. Bd3 Bd7 19. Re1 g6 20. Nb3 Ng4 21. Re2 Bh6 22.
h3 Nf6 23. Ra1 Nh5 24. g3 O-O 25. Nh2 Ra8 26. Ng4 Bg7 27. Bc1 a4 28. Nd2 Na5
29. Ba3 Rfb8 30. Ne5 Bxe5 31. Rxe5 Nb3 32. Nxb3 Rxb3 33. Bb4 Kf7 34. Ra2 Bc8
35. Kc1 a3 36. Bc2 Rb2 37. Rxb2 axb2+ 38. Kxb2 Ba6 39. Bb3 Nf6 40. g4 Ne4 41.
Rxd5 Nd2 42. Rd7+ Kf6 43. Rxh7 Nc4+ 44. Kc2 Bb5 45. c6 1-0

[Event "32. Erlanger BSGW-Open"]
[Site "Erlangen/Eltersdorf"]
[Date "2014.04.12"]
[Round "3.1"]
[White "Bielmeier, Ludwig"]
[Black "Schmidt, Alexander"]
[Result "0-1"]
[WhiteElo "2018"]
[BlackElo "2102"]
[PlyCount "126"]
[EventDate "2014.04.11"]
[WhiteTeam "SV Deggendorf"]
[BlackTeam "SK Bad Sooden-Allendorf"]

1. g3 e5 2. Bg2 Nc6 3. c4 Bc5 4. Nc3 a6 5. Nf3 d6 6. O-O h5 7. e3 Bg4 8. h3 Bd7
9. d4 Ba7 10. dxe5 dxe5 11. b3 Nge7 12. Ba3 Ng6 13. Qc2 Qc8 14. Nd5 Bb8 15. h4
a5 16. Ng5 Rh6 17. Rfd1 f6 18. Ne4 Nf8 19. Rd2 Bg4 20. Rc1 Kf7 21. Kh2 Ba7 22.
Qb2 Ne6 23. Qb1 Ned8 24. Qd3 Rb8 25. Qc3 Be6 26. Bb2 Kg8 27. a3 Kf7 28. b4 b6
29. Rcd1 Rh8 30. Qb3 Ne7 31. Nec3 c6 32. Ne4 Nb7 33. Nxe7 Kxe7 34. Qc2 Qc7 35.
Bh3 Bxh3 36. Kxh3 Rbd8 37. Rxd8 Rxd8 38. Qe2 Qc8+ 39. Kg2 Rxd1 40. Qxd1 Qe6 41.
Qd3 Bb8 42. Kh2 axb4 43. axb4 Qg4 44. Kg2 Qe6 45. Kh2 Qf5 46. c5 b5 47. Kg2 Nd8
48. f3 Qe6 49. Nd2 Nf7 50. Qa3 g5 51. Qa8 Bc7 52. Qb7 Kd7 53. Qa8 gxh4 54. gxh4
Nh6 55. Qa1 Nf5 56. Qe1 Qa2 57. Bc3 Qc2 58. e4 Nxh4+ 59. Qxh4 Qxc3 60. Nf1 Bd8
61. Qxh5 Qxb4 62. Qf7+ Be7 63. Ne3 Qd2+ 0-1

[Event "32. Erlanger BSGW-Open"]
[Site "Erlangen/Eltersdorf"]
[Date "2014.04.12"]
[Round "3.2"]
[White "Martin Fernandez, Rodrigo"]
[Black "Krüger, Norbert"]
[Result "1-0"]
[WhiteElo "2096"]
[BlackElo "1989"]
[PlyCount "150"]
[EventDate "2014.04.11"]
[WhiteTeam "SC Erlangen 48/88 e.V."]
[BlackTeam "Ratinger Schachklub 1950"]

1. c4 e6 2. g3 f5 3. Bg2 Nf6 4. Nf3 Be7 5. O-O O-O 6. Nc3 d6 7. d4 a5 8. Qc2
Nc6 9. Rd1 Qe8 10. a3 e5 11. dxe5 dxe5 12. Nd5 Bd8 13. Be3 e4 14. Nd4 Nxd4 15.
Bxd4 Qf7 16. Rac1 Be6 17. Nf4 Bc8 18. f3 exf3 19. exf3 Nh5 20. Nxh5 Qxh5 21. f4
c6 22. Re1 Bf6 23. Bxf6 Rxf6 24. Re7 Re6 25. Re1 Rxe1+ 26. Rxe1 Qf7 27. Re5 Be6
28. Bf1 Qd7 29. Qc3 a4 30. Qe3 Kf7 31. Kf2 Rd8 32. Be2 Kf6 33. Ra5 Qd2 34. Qe5+
Kf7 35. Rxa4 Re8 36. Qc3 Qd6 37. c5 Qd7 38. Rd4 Bd5 39. Bc4 Re4 40. Bxd5+ cxd5
41. Qd2 Rxd4 42. Qxd4 g6 43. Qh8 Qa4 44. Qxh7+ Kf6 45. Qh8+ Kf7 46. Qc3 Qe4 47.
b4 d4 48. Qd2 d3 49. a4 Qd4+ 50. Kf1 Qa1+ 51. Kf2 Qd4+ 52. Kf1 Qa1+ 53. Kg2 Qd4
54. a5 Qe4+ 55. Kf2 Qd4+ 56. Kf1 Qe4 57. b5 Qh1+ 58. Kf2 Qxh2+ 59. Ke3 Qxg3+
60. Kd4 Qg1+ 61. Kc4 Qa1 62. Kxd3 Qb1+ 63. Kc4 Qe4+ 64. Kb3 Qe6+ 65. Kc3 g5 66.
fxg5 Qe5+ 67. Kc4 Qe4+ 68. Qd4 Qc2+ 69. Kd5 Qa2+ 70. Kd6 Qe6+ 71. Kc7 Qe7+ 72.
Kb6 Qxg5 73. Qd5+ Kg7 74. Qxb7+ Kg6 75. Qc6+ Kf7 1-0

[Event "32. Erlanger BSGW-Open"]
[Site "Erlangen/Eltersdorf"]
[Date "2014.04.12"]
[Round "3.3"]
[White "Walter, Thomas"]
[Black "Minor, Viatcheslav"]
[Result "0-1"]
[WhiteElo "2086"]
[BlackElo "1983"]
[PlyCount "146"]
[EventDate "2014.04.11"]
[WhiteTeam "SC Erlangen 48/88 e.V."]
[BlackTeam "SV Wartburgstadt Eisenach"]

1. e4 e6 2. d4 {[%emt 0:00:00]} d5 {[%emt 0:00:00]} 3. Bd3 dxe4 4. Bxe4 c5 5.
Ne2 Nf6 6. Bf3 cxd4 7. Qxd4 Qxd4 8. Nxd4 a6 9. O-O Bd6 10. Nc3 Nbd7 11. g3 O-O
12. Re1 Rb8 13. Bf4 Bxf4 14. gxf4 Nb6 15. a4 Rd8 16. Rad1 Bd7 17. b3 Be8 18. a5
Nbd7 19. Re3 g6 20. Kf1 Nc5 21. Ke2 Rdc8 22. Kd2 Rc7 23. b4 Na4 24. Nxa4 Bxa4
25. Ra3 Be8 26. Rc3 Rd7 27. Kc1 Nd5 28. Bxd5 Rxd5 29. Rc7 Rh5 30. Nf3 Rf5 31.
Rd4 f6 32. Nd2 e5 33. fxe5 fxe5 34. Rh4 h5 35. f3 Bc6 36. Rc4 Rbf8 37. Rc5 R8f7
38. Rxf7 Kxf7 39. Ne4 Ke6 40. Kd2 Bxe4 41. fxe4 Rf2+ 42. Kd3 Rxh2 43. b5 Rh3+
44. Ke2 Rh2+ 45. Kd3 Rh3+ 46. Ke2 Rh2+ 47. Ke3 axb5 48. Rxb5 Rxc2 49. Rb6+ Kf7
50. Rxb7+ Kf6 51. a6 Rc3+ 52. Kf2 Ra3 53. a7 Kg5 54. Rf7 Kg4 55. Ke2 h4 56. Kf2
g5 57. Ke2 Kg3 58. Rf3+ Rxf3 59. a8=Q g4 60. Qh8 h3 61. Qxe5+ Kg2 62. Qh5 Rf2+
63. Ke3 g3 64. Qd5 h2 65. e5+ Kg1 66. Qd1+ Rf1 67. Qg4 g2 68. Ke2 Rf2+ 69. Ke1
h1=Q 70. Qg3 Rf1+ 71. Ke2 Qh5+ 72. Kd2 Qd1+ 73. Ke3 Qb3+ 0-1

[Event "32. Erlanger BSGW-Open"]
[Site "Erlangen/Eltersdorf"]
[Date "2014.04.12"]
[Round "3.4"]
[White "Beck, Karl"]
[Black "Eiber, Manfred"]
[Result "1/2-1/2"]
[WhiteElo "1953"]
[BlackElo "2081"]
[PlyCount "77"]
[EventDate "2014.04.11"]
[WhiteTeam "SC Markt Berolzheim-Wettel"]
[BlackTeam "SW Nürnberg Süd e.V."]

1. e4 g6 2. d4 Bg7 3. Nf3 d6 4. Bd3 c5 5. c3 Bg4 6. dxc5 dxc5 7. h3 Bd7 8. O-O
Bc6 9. Qe2 Nd7 10. Bf4 e5 11. Bg3 Qc7 12. Nbd2 Ngf6 13. Rfd1 Nh5 14. Bh2 O-O
15. Bb5 Bxb5 16. Qxb5 a6 17. Qe2 b5 18. Nf1 Nf4 19. Qc2 c4 20. Ne3 Nc5 21. Bxf4
exf4 22. Nd5 Qb8 23. Nd4 Re8 24. f3 Nd3 25. b3 Qa7 26. Rxd3 cxd3 27. Qxd3 Rac8
28. Rc1 Qc5 29. Kh1 f5 30. Ne2 fxe4 31. fxe4 g5 32. Qf3 Rcd8 33. Nd4 Rxd5 34.
exd5 Re3 35. Ne6 Qxc3 36. Qh5 Re1+ 37. Rxe1 Qxe1+ 38. Kh2 Qg3+ 39. Kh1 1/2-1/2

[Event "32. Erlanger BSGW-Open"]
[Site "Erlangen/Eltersdorf"]
[Date "2014.04.12"]
[Round "3.5"]
[White "Schulz, Lukas"]
[Black "Hagenbach, Udo"]
[Result "0-1"]
[WhiteElo "2074"]
[BlackElo "1934"]
[PlyCount "150"]
[EventDate "2014.04.11"]
[WhiteTeam "SC Höchstadt/Aisch"]
[BlackTeam "SV Bergwinkel"]

1. e4 c6 2. Nc3 d5 3. Nf3 dxe4 4. Nxe4 Nf6 5. Ng3 h5 6. Bc4 h4 7. Ne2 Bf5 8. d4
Be4 9. Ng5 Bd5 10. Bd3 h3 11. O-O Bxg2 12. Re1 Nbd7 13. Nf4 Qa5 14. Nxf7 Kxf7
15. Bg6+ Kg8 16. Qe2 Bd5 17. c4 Bf7 18. Bxf7+ Kxf7 19. d5 cxd5 20. Qe6+ Ke8 21.
cxd5 Nc5 22. Qe2 Nxd5 23. Nxd5 Nd3 24. Nc7+ Qxc7 25. Qxd3 Qc6 26. Qg3 Rd8 27.
Bf4 Rd3 28. Re3 Rxe3 29. Bxe3 Qe4 30. Bg5 Rh5 31. Rc1 Qg2+ 32. Qxg2 hxg2 33.
Be3 a6 34. Rc8+ Kf7 35. Rc7 Rb5 36. Bd4 g6 37. a4 Rb3 38. Kxg2 Bh6 39. f3 Bf4
40. Rc4 b5 41. axb5 axb5 42. Rc6 e5 43. Bc3 b4 44. Be1 Rxb2+ 45. Kf1 Bxh2 46.
Rb6 b3 47. Bc3 Rb1+ 48. Ke2 Bf4 49. Kd3 Kg7 50. Kc4 Rc1 51. Kd3 Rf1 52. Ke4 Rb1
53. Rb7+ Kf6 54. Rb6+ Kg5 55. Re6 Kh6 56. Kd3 Rf1 57. Ke2 Rc1 58. Kd3 Kg7 59.
Rb6 Rf1 60. Ke4 Rb1 61. Rb7+ Kf6 62. Rb6+ Kf7 63. Rb7+ Ke8 64. Rb6 g5 65. Rb7
Kd8 66. Kd3 Kc8 67. Rb5 Rf1 68. Ke2 Rb1 69. Kd3 Kd7 70. Ke4 Rc1 71. Kd3 Rf1 72.
Ke2 Rb1 73. Kd3 Kc6 74. Kc4 Rc1 75. Rc5+ Kd6 0-1

[Event "32. Erlanger BSGW-Open"]
[Site "Erlangen/Eltersdorf"]
[Date "2014.04.12"]
[Round "3.6"]
[White "Zhao, Kevin"]
[Black "Thier, Jürgen"]
[Result "0-1"]
[WhiteElo "1909"]
[BlackElo "2063"]
[PlyCount "72"]
[EventDate "2014.04.11"]
[WhiteTeam "SC Erlangen 48/88 e.V."]
[BlackTeam "SF Heidelberg"]

1. e4 {[%emt 0:00:00]} c5 2. Nf3 Nc6 3. d4 cxd4 4. Nxd4 e5 5. Nb5 d6 6. N1c3 a6
7. Na3 Be7 8. Nd5 Nf6 9. Nxf6+ Bxf6 10. Nc4 Be7 11. Be3 Be6 12. Bb6 Qd7 13. Ne3
O-O 14. Bd3 Nb4 15. Ba5 Qa4 16. Bxb4 Qxb4+ 17. Qd2 Qxb2 18. O-O Bg5 19. Rfb1
Qd4 20. c3 Qa7 21. a4 Rac8 22. Bc2 Rc6 23. Bb3 Rfc8 24. Bxe6 fxe6 25. Rb3 Bxe3
26. fxe3 b6 27. Rc1 Qc7 28. Qe2 Rc4 29. Qg4 Re8 30. Qh5 g6 31. Qe2 Rxa4 32. Qc2
Rc4 33. Ra3 a5 34. Ra4 Rf8 35. Qb3 Rxa4 36. Qxa4 Qc5 0-1

[Event "32. Erlanger BSGW-Open"]
[Site "Erlangen/Eltersdorf"]
[Date "2014.04.12"]
[Round "3.7"]
[White "Kreyssig, Robert"]
[Black "Corral, Carlos"]
[Result "0-1"]
[WhiteElo "2059"]
[BlackElo "1902"]
[PlyCount "134"]
[EventDate "2014.04.11"]
[WhiteTeam "Schachgemeinschaft Leipzig"]
[BlackTeam "SC Noris-Tarrasch Nürnberg 1873"]

1. d4 {[%emt 0:00:00]} c5 2. d5 e5 3. e4 a6 4. a4 d6 5. Nc3 Be7 6. Nf3 Bg4 7.
Be2 Bxf3 8. Bxf3 Bg5 9. O-O Bxc1 10. Qxc1 Nf6 11. g3 Nbd7 12. Bg2 b6 13. f4 Qe7
14. f5 h6 15. Qe3 O-O 16. Bf3 Nh7 17. h4 Rfb8 18. Be2 Nhf8 19. Rf2 Nh7 20. Raf1
Kf8 21. Rh2 Rb7 22. g4 f6 23. Rff2 Ke8 24. Rfg2 Kd8 25. Bd3 Rc7 26. Qe2 Nb8 27.
Kf2 Raa7 28. b3 Rcb7 29. Nb1 Qe8 30. c4 a5 31. Nd2 Rf7 32. Nf3 Qe7 33. Qd2 Nd7
34. Be2 Kc7 35. Ke3 Ra8 36. Kd3 Rg8 37. Qe3 Rff8 38. g5 fxg5 39. hxg5 Nxg5 40.
Nxg5 hxg5 41. Rxg5 Nf6 42. Rhg2 Rf7 43. Bh5 Nxh5 44. Rxh5 Kd8 45. Rg6 Rf6 46.
Rhg5 Rxg6 47. Rxg6 Rf8 48. Re6 Qh4 49. Rxd6+ Kc7 50. Rg6 Qh5 51. Rxg7+ Kc8 52.
Rg1 Qh2 53. Qg3 Qb2 54. Qg7 Qxb3+ 55. Kd2 Qb2+ 56. Ke3 Qd4+ 57. Kf3 Qd3+ 58.
Kf2 Qd2+ 59. Kg3 Qf4+ 60. Kh3 Qf3+ 61. Kh2 Qh5+ 62. Kg3 Rh8 63. Qg4 Qxg4+ 64.
Kxg4 Rg8+ 65. Kh5 Rxg1 66. f6 Kd7 67. d6 Kxd6 0-1

[Event "32. Erlanger BSGW-Open"]
[Site "Erlangen/Eltersdorf"]
[Date "2014.04.12"]
[Round "3.8"]
[White "Mehringer, Jörg"]
[Black "Kirch, Florian"]
[Result "0-1"]
[WhiteElo "1901"]
[BlackElo "2054"]
[PlyCount "52"]
[EventDate "2014.04.11"]
[WhiteTeam "SC Weisse Dame e.V."]
[BlackTeam "SV Bubenreuth e.V."]

1. e4 {[%emt 0:00:00]} b6 2. d4 Bb7 3. Nc3 e6 4. a3 Nf6 5. Bd3 c5 6. Nf3 cxd4
7. Nxd4 Nc6 8. Nxc6 Bxc6 9. O-O Qc7 10. Re1 Bd6 11. h3 Be5 12. Bd2 Rg8 13. Rb1
g5 14. Qe2 g4 15. h4 g3 16. f3 Nh5 17. Bc4 Qd8 18. Bg5 Bd4+ 19. Kf1 Rxg5 20.
hxg5 Qxg5 21. Red1 Qh4 22. Ke1 Bf2+ 23. Kd2 Qg5+ 24. f4 Nxf4 25. Qf3 Ng6+ 26.
Ke2 Ne5 0-1

[Event "32. Erlanger BSGW-Open"]
[Site "Erlangen/Eltersdorf"]
[Date "2014.04.12"]
[Round "3.9"]
[White "Schlötterer, Hermann"]
[Black "Eber, Fabian"]
[Result "0-1"]
[WhiteElo "1886"]
[BlackElo "2047"]
[PlyCount "120"]
[EventDate "2014.04.11"]
[WhiteTeam "Spvg Zabo-Eintracht Nürnberg e.V"]
[BlackTeam "suche Verein!"]

1. d4 d5 2. g3 c6 3. Bg2 Nf6 4. Nf3 Bf5 5. O-O h5 6. c4 e6 7. b3 Bd6 8. Ba3
Bxa3 9. Nxa3 Ne4 10. Rc1 Qa5 11. Nb1 g5 12. Ne5 f6 13. f3 Nxg3 14. hxg3 fxe5
15. e4 dxe4 16. fxe4 Bg4 17. Bf3 Nd7 18. Bxg4 hxg4 19. Rf2 exd4 20. Qxg4 O-O-O
21. Qxe6 Rde8 22. Qg4 Re7 23. Rcf1 Kc7 24. Qf5 Ne5 25. b4 Qxb4 26. Qxg5 Rhe8
27. Nd2 Qd6 28. Rf6 Qa3 29. Qf4 Qe3+ 30. Rf2 Kc8 31. Qf5+ Kb8 32. Qf4 Ka8 33.
Nf1 Qxf4 34. R2xf4 Nxc4 35. g4 Kb8 36. Kf2 Rxe4 37. Ng3 Rxf4+ 38. Rxf4 c5 39.
Ne4 b6 40. Nf6 Re7 41. g5 Ne5 42. Nd5 Rd7 43. Rf8+ Kb7 44. Nf6 Rg7 45. Ne4 Kc6
46. Re8 Nd7 47. Kf3 c4 48. Re6+ Kd5 49. Rd6+ Ke5 50. Rc6 Rf7+ 51. Nf6 Nxf6 52.
g6 Rg7 53. Rxc4 Rxg6 54. Rc7 Nd5 55. Rxa7 Rf6+ 56. Ke2 Ke4 57. Ra8 Nc3+ 58. Ke1
Ke3 59. a4 d3 60. Re8+ Ne4 0-1

[Event "32. Erlanger BSGW-Open"]
[Site "Erlangen/Eltersdorf"]
[Date "2014.04.12"]
[Round "3.10"]
[White "Lange, Carsten"]
[Black "Knoblauch, Leonhard"]
[Result "1-0"]
[WhiteElo "1883"]
[BlackElo "2044"]
[PlyCount "123"]
[EventDate "2014.04.11"]
[WhiteTeam "SK Zirndorf e.V."]
[BlackTeam "SV Ilmmünster"]

1. Nf3 Nf6 2. c4 e6 3. g3 b6 4. Bg2 Bb7 5. O-O Be7 6. b3 O-O 7. Bb2 c5 8. Nc3
a6 9. e3 d5 10. cxd5 Nxd5 11. Qe2 Nd7 12. Rfd1 Qc7 13. Rac1 b5 14. d4 Nxc3 15.
Bxc3 c4 16. bxc4 bxc4 17. Nd2 Bxg2 18. Kxg2 Rfc8 19. Ba1 Nb6 20. Rc2 Bb4 21.
Rdc1 Bxd2 22. Qxd2 Qc6+ 23. f3 Qa4 24. e4 Rc6 25. Qc3 f6 26. Rb1 Rac8 27. Kf2
a5 28. h4 R8c7 29. Rd2 Rd6 30. Re2 Nd7 31. Qc2 Qc6 32. Bc3 Ra7 33. Qb2 Qc7 34.
Qa3 e5 35. d5 Nc5 36. Rb5 Nd3+ 37. Kg2 a4 38. Bd2 Ra8 39. Be3 Rc8 40. Kh2 c3
41. Rc2 Ne1 42. Rc1 Nxf3+ 43. Kg2 Nd4 44. Rb4 Qc5 45. Qxa4 f5 46. Bxd4 exd4 47.
Rxd4 fxe4 48. Rxe4 Qxd5 49. Qb3 Qxb3 50. axb3 Rd2+ 51. Kf3 c2 52. Rc4 Rf8+ 53.
Kg4 Rff2 54. b4 g6 55. h5 gxh5+ 56. Kxh5 Rh2+ 57. Kg4 Kf7 58. b5 h5+ 59. Kf5
Rd5+ 60. Ke4 Rxb5 61. R1xc2 Kf6 62. Rxh2 1-0

[Event "32. Erlanger BSGW-Open"]
[Site "Erlangen/Eltersdorf"]
[Date "2014.04.12"]
[Round "3.11"]
[White "Adelhütte, Dennis"]
[Black "Bachstein, Dustin"]
[Result "1/2-1/2"]
[WhiteElo "1878"]
[BlackElo "2042"]
[PlyCount "31"]
[EventDate "2014.04.11"]
[WhiteTeam "SC Erlangen 48/88 e.V."]
[BlackTeam "SC Erlangen 48/88 e.V."]

1. e4 c5 2. Nc3 Nc6 3. d3 g6 4. g3 Bg7 5. Bg2 Nf6 6. f4 d6 7. Nf3 O-O 8. h3 Rb8
9. Be3 d5 10. e5 d4 11. exf6 Bxf6 12. Bd2 dxc3 13. Bxc3 Nd4 14. Qd2 b5 15. Bxd4
cxd4 16. O-O 1/2-1/2

[Event "32. Erlanger BSGW-Open"]
[Site "Erlangen/Eltersdorf"]
[Date "2014.04.12"]
[Round "3.12"]
[White "Leidorf, Sebastian"]
[Black "Ammon, Fabian"]
[Result "1-0"]
[WhiteElo "2042"]
[BlackElo "1714"]
[PlyCount "83"]
[EventDate "2014.04.11"]
[WhiteTeam "SV Bergwinkel"]
[BlackTeam "SV Altensittenbach"]

1. c4 c6 2. g3 d5 3. Nf3 Nf6 4. Bg2 Bg4 5. cxd5 cxd5 6. Ne5 Be6 7. Nc3 Qc7 8.
d4 Nbd7 9. Qa4 g6 10. Bf4 Qb6 11. O-O Bg7 12. Bxd5 O-O 13. Nc4 Qxd4 14. Rfd1
Qc5 15. Be3 Qc8 16. Bxe6 fxe6 17. Rac1 b6 18. Qb4 Rf7 19. f3 Qa6 20. Qb5 Qxb5
21. Nxb5 Nd5 22. Bd4 Bxd4+ 23. Nxd4 Nc5 24. Nxe6 Ne3 25. Nxe3 Nxe6 26. Rd5 Kg7
27. Re5 Nc5 28. b4 Nd7 29. Re6 Nf8 30. Rec6 Nd7 31. Rc8 Rf8 32. Rxa8 Rxa8 33.
Rc7 Nf6 34. Rxe7+ Kf8 35. Rb7 Kg8 36. g4 Ne8 37. Nd5 Kh8 38. g5 Kg8 39. e4 Kh8
40. e5 Rd8 41. Nf6 a6 42. Rxh7# 1-0